| 000 | 00835nam a22002057a 4500 | ||
|---|---|---|---|
| 999 |
_c18888 _d18888 |
||
| 003 | AR-CdUCM | ||
| 008 | 190515b ||||| |||| 00| 0 spa d | ||
| 040 |
_aMUNICIPALIDAD PROVINCIAL DEL CUSCO _cBIBLIOTECA MUNICIPAL DEL CUSCO |
||
| 082 |
_a338 / _bB81 |
||
| 100 |
_aBravo bresani, Jorge _94660 |
||
| 245 |
_aDesarrollo y subdesarrollo : _bde la economía del hambre a la economía del hombre / |
||
| 260 |
_aLima : _bFrancisco Moncloa, _c1967. |
||
| 300 |
_a371 paginas ; _c23 cm. |
||
| 505 | _aContenido : Subdesarrollo -- Concepto del desarrollo orígenes y perspectivas -- La teoría del desarrollo -- La evolución de la economía académica... | ||
| 650 |
_aDesarrollo _92021 |
||
| 650 |
_aPlanificación del desarrollo _937925 |
||
| 650 |
_aEconomías normativas _939793 |
||
| 942 |
_2ddc _cLIBROS |
||
| 945 |
_awnts _d2019-05-15 |
||